00424nam a2200181Ia 4500008004100000020001800041050001400059100002200073245002400095245002200119260001500141260001600156260000900172300001600181300002700197300001000224500000800234170918s9999 xx 000 0 und d a9780545123365 bW947 1985 aWright, Betty Ren aChristina's ghost / cBetty Ren Wright. aNew York : bScholastic, c1985 a105 pages : bcolored illustration ; c19cm. a620